| 000 | nam a22 7a 4500 | ||
|---|---|---|---|
| 999 |
_c3215 _d3215 |
||
| 005 | 20170522085611.0 | ||
| 008 | 170522b1992 cau||||| |||| 00| 0 eng d | ||
| 020 | _a1560521317 | ||
| 040 | _aAKMAL | ||
| 082 | _a658.315 HAT | ||
| 090 |
_a658.315 _bHAT |
||
| 100 | 1 |
_aHathaway, Patti. _96607 |
|
| 245 | 1 | 0 |
_aManaging upward : _ba partnership plan for employees and bosses / _c Patti Hathaway and Susan D. Schubert |
| 260 |
_aLos Angeles, Calif. : _b Crisp Publications, _c c1992 |
||
| 300 |
_aiv, 118 p. : _bill. ; _c26 cm |
||
| 490 | 0 | _aFifty minute series | |
| 500 | _aOn Cover: Managing upward : strategies for succeeding with your boss. How to effectively "manage your boss." | ||
| 650 | 0 |
_aManaging your boss. _95657 |
|
| 650 | 0 |
_aManaging your boss _xProblems, exercises, etc _96608 |
|
| 700 | 1 |
_aSchubert, Susan D. _96609 |
|
| 942 |
_2ddc _cBOOK |
||